| 000 | 01013nam1a2200265 i 4500 | ||
|---|---|---|---|
| 001 | RU\NLR\BIBL_A\010586452 | ||
| 005 | 20241118024805.0 | ||
| 010 |
_a978-5-7670-2232-8 _91000 _bобщ. |
||
| 035 | _a(NLR Aleph) 010586452 | ||
| 090 |
_a10484389 _c10484389 |
||
| 100 | _a20150116g20149999u y0rusy50 ca | ||
| 101 | 0 | _achv | |
| 102 | _aRU | ||
| 105 | _ay z 000yy | ||
| 200 | 1 |
_aПаттăрсем хыпарсăр çухалмаççě _eроман _fМěтри Кипек |
|
| 210 |
_aШупашкар _cЧǎваш кěнеке изв-ви _d2014- |
||
| 215 | _d21 | ||
| 300 | _aВ вып. дан. авт.: Мěтри Кипек (Афанасьев Дмитрий Афанасьевич) | ||
| 541 | 1 |
_6z01790 _aГерои без вести не пропадают _eроман _zrus |
|
| 686 | 1 | _aШ6(2=Чув)7-4 | |
| 700 | 1 |
_aКипек _bМ. _f1913-1991 _gМěтри |
|
| 790 | 1 |
_6z01541 _aКибек _bМ. _f1913-1991 _gМитри _4070 |
|
| 852 |
_aNLR _bОНЛ _jЧув./3-4112 |
||
| 942 | _cBOOK | ||